| 000 | 00924nam a22002417a 4500 | ||
|---|---|---|---|
| 005 | 20120827170339.0 | ||
| 008 | 120827t xxu||||| |||| 00| 0 eng d | ||
| 010 | _aENG-105652 | ||
| 020 |
_a9788120345904 _c450.00 |
||
| 035 | _aEN-89185 | ||
| 037 | _bDBAD / PUB | ||
| 040 |
_adpl _bEnglish |
||
| 082 | _a657 | ||
| 100 |
_aMohana Rao, P. _951538 |
||
| 245 |
_aFundamentals of accounting for CPT / _cby P. Mohana Rao |
||
| 260 |
_aNew Delhi _bPHI Learning _c2012 |
||
| 270 |
_aM-97, Connaught Circus, _bNew Delhi _e110001 |
||
| 300 |
_axvii,585p. _c24cm(pbk) |
||
| 500 | _aIncludes bibligraphical references and index | ||
| 942 |
_2ddc _cEN _mMOH _h657 |
||
| 999 |
_c69380 _d69380 |
||